| 000 | 00863nam a2200217Ia 4500 | ||
|---|---|---|---|
| 003 | Ost | ||
| 005 | 20260507075041.0 | ||
| 008 | 260507s9999||||xx |||||||||||||| ||und|| | ||
| 020 | _a9770178322 | ||
| 040 | _cfsecg | ||
| 041 | _aara | ||
| 082 | _a330 | ||
| 100 |
_aالترساوي، عصام إبراهيم _eمؤلف |
||
| 245 | 0 |
_aغسيل الأموال / _c عصام إبراهيم الترساوي |
|
| 260 |
_aالقاهرة: _bالهيئة المصرية العامة للكتاب, _c2002 |
||
| 300 |
_a259 صفحة؛ _bإيضاحات ؛ _c24 سم |
||
| 520 | _aغسيل الأموال على الأصعدة الدولية والعربية والمحلية، غسيل الأموال من الناحية الأمنية والقانونية والمصرفية | ||
| 653 | _aالقانون | ||
| 653 | _aجرائم الأموال | ||
| 942 | _cكتاب | ||
| 999 |
_c42518 _d42518 |
||